Counties of South Dakota - Statistics

General Stats
  • This quiz has been taken 6 times
  • The average score is 49 of 66
Answer Stats
Answer % Correct
Aurora
100%
Beadle
100%
Bon Homme
100%
Brookings
100%
Brown
100%
Buffalo
100%
Charles Mix
100%
Codington
100%
Deuel
100%
Douglas
100%
Fall River
100%
Haakon
100%
Hamlin
100%
Hand
100%
Hanson
100%
Hyde
100%
Kingsbury
100%
Bennett
75%
Brule
75%
Butte
75%
Campbell
75%
Clark
75%
Clay
75%
Custer
75%
Davison
75%
Day
75%
Edmunds
75%
Faulk
75%
Grant
75%
Gregory
75%
Harding
75%
Hughes
75%
Hutchinson
75%
Jackson
75%
Jerauld
75%
Jones
75%
Lawrence
75%
Lincoln
75%
Lyman
75%
Meade
75%
Miner
75%
Minnehaha
75%
Potter
75%
Shannon
75%
Spink
75%
Sully
75%
Turner
75%
Union
75%
Yankton
75%
Ziebach
75%
Corson
50%
Dewey
50%
Lake
50%
Marshall
50%
McPherson
50%
Mellette
50%
Moody
50%
Pennington
50%
Sanborn
50%
Stanley
50%
Todd
50%
Tripp
50%
Walworth
50%
McCook
25%
Perkins
25%
Roberts
25%
No matching quizzes found
Score Distribution
Percent of People with Each Score
Percentile by Number Answered
Your Score History
You have not taken this quiz